Riconosci la Squadra di calcio - Quiz n°27 - Statistics

Statistiche generali
  • Questo quiz è stato fatto 40 volte
  • Il punteggio medio è 8 su 10
Statistiche sulle risposte
Indizio Risposta % Corretto
Colori sociali Giallo, rosso
97%
Simboli Leone
97%
Titoli nazionali 23 Campionati turchi 1 Leghe nazionali
89%
Trofei nazionali 18 Coppe di Turchia 16 Supercoppe di Turchia
83%
Divisione nazionale 2023-2024 Prima
83%
Fondazione 1905
81%
Trofei internazionali 1 Coppe UEFA/Europa League 1 Supercoppe UEFA
81%
Capienza Stadio 52 662 posti
81%
Confederazione UEFA
81%
Squadra Galatasaray
75%
Nessun quiz corrispondente trovato
Distribuzione punteggi
Percentuale di utenti per punteggio
Percentile per numero di risposta
I tuoi punteggi nel tempo
Non hai fatto questo quiz